Il segreto sessuale della chiesa /

Gardado en:
Detalles Bibliográficos
Autor Principal: Žižek, Slavoj
Formato: Libro
Idioma:Lingua italiana
Publicado: Milano ; Udine : Mimesis, 2010
Series:Mimesis. Minima/volti ; 12
Subjects:
Tags: Engadir etiqueta
Sen Etiquetas, Sexa o primeiro en etiquetar este rexistro!

MARC

LEADER 00000nam a22000007i 4500
001 IT\ICCU\LIG\0088640
003 ItRI
005 20260115232113.0
008 111007s2010 it |||||| ||||| |||||c
020 |a 9788857502632 
040 |b ita  |c importazione bologna sebina 
041 7 |a ita  |2 ISO-639-2 
100 1 |a Žižek, Slavoj  |0 IT\ICCU\BVEV\028044 
245 1 3 |a Il segreto sessuale della chiesa /  |c Slavoj Žižek. 
260 |a Milano ;  |a Udine :  |b Mimesis,  |c 2010 
300 |a 47 p. ;  |c 17 cm. 
650 7 |a Sacerdoti cattolici  |x Comportamento sessuale 
830 0 |a Mimesis. Minima/volti ;  |v 12  |0 IT\ICCU\LO1\1296083 
942 |2 ddc  |c BK  |n 0 
952 |0 0  |1 0  |4 0  |6 DOC_261_835000000000000_ZIZ  |7 0  |9 20109  |a BO  |b BO  |d 2026-01-15  |i 19929  |l 0  |o DOC 261.835 ZIZ  |p BO19929  |r 2026-01-15 23:21:13  |w 2026-01-15  |x [Sebina 5] [1 v.]  |y BK  |z 1 v. 
999 |c 17146  |d 17146